| 000 | 00475 a2200169 4500 | ||
|---|---|---|---|
| 003 | OSt | ||
| 005 | 20230902102909.0 | ||
| 008 | 230902b |||||||| |||| 00| 0 eng d | ||
| 020 | _a9788131731499 | ||
| 040 | _coclc | ||
| 082 |
_a339 _bAGA/M |
||
| 100 |
_aAgarwal, Vanita _9649 |
||
| 245 |
_aMACROECONOMICS _b THEORY AND POLICY / _cVanita Agarwal |
||
| 260 |
_aNoida: _bPearson, _c2019. |
||
| 300 | _a400 p | ||
| 942 |
_2ddc _cBK _h339 _iAGA/M _k339 _mAGA/M |
||
| 999 |
_c42046 _d42046 |
||